Sports Quiz

Random Sports or MLB Quiz
Score 0/58 Timer 08:00
0 Plays Today
Wins, Ks Pitcher % Correct
303 wins, 4,875 KsRandy Johnson
94.7%
511 wins, 2,803 KsCy Young
94.1%
417 wins, 3,509 KsWalter Johnson
94.1%
288 wins, 2,245 KsTommy John
92%
324 wins, 5,714 KsNolan Ryan
90%
355 wins, 3,371 KsGreg Maddux
88.9%
354 wins, 4,672 KsRoger Clemens
88.7%
305 wins, 2,607 KsTom Glavine
84.8%
219 wins, 3,154 KsPedro Martinez
81.5%
245 wins, 2,149 KsDennis Martinez
80.6%
213 wins, 3,084 KsJohn Smoltz
79.7%
311 wins, 3,640 KsTom Seaver
75.2%
329 wins, 4,136 KsSteve Carlton
71.5%
251 wins, 3,117 KsBob Gibson
70.9%
216 wins, 3,116 KsCurt Schilling
64.7%
373 wins, 2,507 KsChristy Mathewson
64.2%
225 wins, 3,006 KsJustin Verlander
64.2%
363 wins, 2,583 KsWarren Spahn
64%
270 wins, 2,813 KsMike Mussina
63.4%
318 wins, 3,342 KsPhil Niekro
62.9%
268 wins, 2,212 KsJim Palmer
62.9%
251 wins, 3,093 KsCC Sabathia
61.7%
209 wins, 2,486 KsDon Drysdale
61.3%
256 wins, 2,448 KsAndy Pettitte
59.4%
287 wins, 3,701 KsBert Blyleven
57.4%
266 wins, 2,581 KsBob Feller
57.1%
324 wins, 3,574 KsDon Sutton
56.7%
314 wins, 3,534 KsGaylord Perry
54.2%
203 wins, 2,117 KsRoy Halladay
54%
Wins, Ks Pitcher % Correct
284 wins, 3,192 KsFergie Jenkins
52.6%
254 wins, 2,478 KsJack Morris
51.3%
373 wins, 2,198 KsPete Alexander
51%
300 wins, 2,266 KsLefty Grove
50.9%
269 wins, 2,441 KsJamie Moyer
49.2%
247 wins, 2,535 KsBartolo Colon
49.1%
243 wins, 2,303 KsJuan Marichal
48.8%
211 wins, 2,397 KsKevin Brown
47.5%
224 wins, 2,012 KsCatfish Hunter
44.5%
209 wins, 2,175 KsVida Blue
38.6%
239 wins, 2,201 KsDavid Wells
38.2%
283 wins, 2,461 KsJim Kaat
36.4%
205 wins, 2,622 KsZack Greinke
36.1%
286 wins, 2,357 KsRobin Roberts
35.8%
229 wins, 2,416 KsLuis Tiant
34.7%
300 wins, 2,334 KsEarly Wynn
34.3%
204 wins, 2,014 KsOrel Hershiser
31.9%
200 wins, 2,156 KsTim Wakefield
30.6%
222 wins, 2,080 KsTim Hudson
28.8%
224 wins, 2,855 KsJim Bunning
27.9%
217 wins, 2,832 KsMickey Lolich
27.6%
222 wins, 2,556 KsJerry Koosman
26%
326 wins, 2,246 KsEddie Plank
25.8%
240 wins, 2,773 KsFrank Tanana
24.2%
200 wins, 2,610 KsChuck Finley
20.6%
216 wins, 2,362 KsCharlie Hough
20.1%
342 wins, 2,564 KsTim Keefe
19.3%
214 wins, 2,015 KsRick Reuschel
13.6%
211 wins, 2,082 KsBobo Newsom
5.3%

You're not logged in!

Compare scores with friends on all Sporcle quizzes.
OR
Log In

Sporcle TV

Today on Sporcle TV


Watch our educational content, quiz creation guides, and fun videos on Sporcle TV.

Show Comments

Extras

Top Quizzes Today


Score Distribution

Paid Content

Your Account Isn't Verified!

In order to create a playlist on Sporcle, you need to verify the email address you used during registration. Go to your Sporcle Settings to finish the process.

Report this User

Report this user for behavior that violates our Community Guidelines.

Details: